<?xml version="1.0" encoding="UTF-8"?><?xml-stylesheet type="text/xsl" href="static/style.xsl"?><OAI-PMH xmlns="http://www.openarchives.org/OAI/2.0/" xmlns:xsi="http://www.w3.org/2001/XMLSchema-instance" xsi:schemaLocation="http://www.openarchives.org/OAI/2.0/ http://www.openarchives.org/OAI/2.0/OAI-PMH.xsd"><responseDate>2026-04-17T11:41:58Z</responseDate><request verb="GetRecord" identifier="oai:www.recercat.cat:10459.1/467053" metadataPrefix="marc">https://recercat.cat/oai/request</request><GetRecord><record><header><identifier>oai:recercat.cat:10459.1/467053</identifier><datestamp>2025-09-15T18:11:09Z</datestamp><setSpec>com_2072_3622</setSpec><setSpec>col_2072_479130</setSpec></header><metadata><record xmlns="http://www.loc.gov/MARC21/slim" xmlns:dcterms="http://purl.org/dc/terms/" xmlns:xsi="http://www.w3.org/2001/XMLSchema-instance" xmlns:doc="http://www.lyncode.com/xoai" xsi:schemaLocation="http://www.loc.gov/MARC21/slim http://www.loc.gov/standards/marcxml/schema/MARC21slim.xsd">
   <leader>00925njm 22002777a 4500</leader>
   <datafield ind2=" " ind1=" " tag="042">
      <subfield code="a">dc</subfield>
   </datafield>
   <datafield ind2=" " ind1=" " tag="720">
      <subfield code="a">Ahufinger Vicente, Lydia</subfield>
      <subfield code="e">author</subfield>
   </datafield>
   <datafield ind2=" " ind1=" " tag="260">
      <subfield code="c">2024</subfield>
   </datafield>
   <datafield ind2=" " ind1=" " tag="520">
      <subfield code="a">En este artículo se analiza la pervivencia de algunos conceptos trágicos de la literatura clásica griega en dos obras de Miguel de Unamuno, a saber, Amor y Pedagogía (1902) y Abel Sánchez (1917). Para ello, se examina la estructura narrativa de ambas nivolas, así como las conexiones temáticas entre ellas. En suma, se acaba por delimitar la intención catártica bajo la que el auotr bilbaíno crea y dirige estas obras a su lector, siempre bajo la reflexión filosófica de la contradicción en el ser humano de las fuerza de la pasión y la racionalidad. Al mismo tiempo, se trata la posible influencia platónica en la figura del demonio como antecedente del concepto daimon, como tópos de origen grecolatino.</subfield>
   </datafield>
   <datafield tag="653" ind2=" " ind1=" ">
      <subfield code="a">Tragedia clásica</subfield>
   </datafield>
   <datafield tag="653" ind2=" " ind1=" ">
      <subfield code="a">Fatalismo</subfield>
   </datafield>
   <datafield tag="653" ind2=" " ind1=" ">
      <subfield code="a">Amor y Pedagogía</subfield>
   </datafield>
   <datafield ind2="0" ind1="0" tag="245">
      <subfield code="a">El fatalismo trágico en "Amor y Pedagogía" (1902) y "Abel Sánchez" (1917), de Miguel de Unamuno</subfield>
   </datafield>
   <datafield ind2="0" ind1="0" tag="245">
      <subfield code="a">The tragic fatalism in Amor y Pedagogía (1902) and Abel Sánchez (1917), by Miguel de Unamuno</subfield>
   </datafield>
</record></metadata></record></GetRecord></OAI-PMH>